Normal view
MARC view
- Yu, Francis T. S
Entry Personal Name
001 - CONTROL NUMBER
- control field: 102767
003 - CONTROL NUMBER IDENTIFIER
- control field: NUST
005 - DATE AND TIME OF LATEST TRANSACTION
- control field: 20221117101756.0
008 - FIXED-LENGTH DATA ELEMENTS
- fixed length control field: 221117|| aca||aabn | a|a d
040 ## - CATALOGING SOURCE
- Original cataloging agency: NUST
- Transcribing agency: NUST
100 ## - HEADING--PERSONAL NAME
- Personal name: Yu, Francis T. S
670 ## - SOURCE DATA FOUND
- Source citation: Work cat.: (NUST)180962: Yu, Francis T. S., White-light optical signal processing /, c1985.
